101 Essays for College & Competitive Examinations (Record no. 82278)

MARC details
000 -LEADER
fixed length control field 00305nam a2200109Ia 4500
008 - FIXED-LENGTH DATA ELEMENTS--GENERAL INFORMATION
fixed length control field 221102s9999 xx 000 0 und d
041 ## - LANGUAGE CODE
Language code of text/sound track or separate title eng
082 ## - DEWEY DECIMAL CLASSIFICATION NUMBER
Item number Pau
100 ## - MAIN ENTRY--PERSONAL NAME
Personal name Paul D .S
9 (RLIN) 95142
245 ## - TITLE STATEMENT
Title 101 Essays for College & Competitive Examinations
260 ## - PUBLICATION, DISTRIBUTION, ETC. (IMPRINT)
Name of publisher, distributor, etc. Choise International
Date of publication, distribution, etc. 1905-07-09
Holdings
Withdrawn status Lost status Damaged status Not for loan Collection code Home library Current library Date acquired Full call number Barcode Date last seen Bill Date Koha item type Original Barcode
        BA College Of Computer Application For Women , Satara College Of Computer Application For Women , Satara 17/08/2021 PAU BCAS-B-872 04/11/2022 04/11/2022 Books B00872